000 00650nam a2200205Ia 4500
003 GCL
008 140319s9999 xx 000 0 ara d
040 _aGCL /
_cGCL
082 0 4 _a219
_bم ف
100 1 _aهاشم صالح
245 1 0 _aالفكرالاسلامى : نقد واجتهاد /
_cهاشم صالح
700 1 _aمحمد اركون
300 _a338 ص
490 _aالهيئة العامة للاستعلامات
_v0
650 0 4 _aالاسلام والمسيحية
650 0 4 _aالاسلام والمجتمع
650 0 4 _aالاسلام واليهودية
650 0 4 _aالمرأة فى الاسلام
942 _2ddc
_cBK
999 _c48937
_d48937